| 000 | 00984nam a22003137a 4500 | ||
|---|---|---|---|
| 001 | 7642 | ||
| 003 | FISKH | ||
| 005 | 20250729110956.0 | ||
| 008 | 250729b cb ||||| |||| 00| 0 eng d | ||
| 020 | _a9780142404034 | ||
| 040 |
_aFISKH _beng _cFISKH _dFISKH |
||
| 050 | _aPZ7.S3286 S | ||
| 082 | _a636.825 | ||
| 100 | _aSchachner, Judy | ||
| 245 |
_a Skippyjon Jones / _cBy Judy Schachner |
||
| 260 |
_aLondon : _bPuffin Books , _c2003. |
||
| 300 |
_a40 unnumbered pages : _bcolor illustrations ; _c23 x 27 cm . |
||
| 490 |
_aSkippyjon Jones _vBook 1 |
||
| 505 | _aR | ||
| 520 | _aSkippyjon Jones is a Siamese cat with an overactive imagination who would rather be El Skippito, his Zorro-like alter ego. | ||
| 521 | 8 |
_a740
_bLexile AD |
|
| 521 | 8 |
_aR
_bRaz-Plus |
|
| 650 |
_aSiamese cats _vFiction |
||
| 650 |
_aSkippyjon Jones _vFiction |
||
| 650 |
_aAdventure _vFiction |
||
| 700 |
_aWood, Heather _eDesigner |
||
| 942 |
_2ddc _cBK _n0 |
||
| 999 |
_c7642 _d7642 |
||